<?xml version="1.0" encoding="UTF-8"?>
<record
    xmlns:xsi="http://www.w3.org/2001/XMLSchema-instance"
    xsi:schemaLocation="http://www.loc.gov/MARC21/slim http://www.loc.gov/standards/marcxml/schema/MARC21slim.xsd"
    xmlns="http://www.loc.gov/MARC21/slim">

  <leader>01793    a2200229   4500</leader>
  <controlfield tag="001">28252</controlfield>
  <controlfield tag="005">20260407155554.0</controlfield>
  <controlfield tag="008">260407a2014    arg                 spa d</controlfield>
  <controlfield tag="003">AR-UNSa-BCEJYS</controlfield>
  <datafield tag="040" ind1=" " ind2=" ">
    <subfield code="a">AR-UNSa-BCEJYS</subfield>
    <subfield code="b">spa</subfield>
    <subfield code="c">AR-UNSa-BCEJYS</subfield>
  </datafield>
  <datafield tag="080" ind1=" " ind2=" ">
    <subfield code="a">338.26</subfield>
    <subfield code="x">Planes econ&#xF3;micos. Planificaci&#xF3;n de la econom&#xED;a</subfield>
  </datafield>
  <datafield tag="245" ind1="1" ind2="0">
    <subfield code="a">Planificaci&#xF3;n, prospectiva y gesti&#xF3;n p&#xFA;blica</subfield>
    <subfield code="p">reflexiones para la agenda de desarrollo</subfield>
  </datafield>
  <datafield tag="020" ind1=" " ind2=" ">
    <subfield code="a">978-92-1-121831-2</subfield>
  </datafield>
  <datafield tag="264" ind1=" " ind2="1">
    <subfield code="a">Santiago de Chile :</subfield>
    <subfield code="b">CEPAL (Comisi&#xF3;n Econ&#xF3;mica para Am&#xE9;rica Latina y el Caribe)</subfield>
    <subfield code="c">2014</subfield>
  </datafield>
  <datafield tag="300" ind1=" " ind2=" ">
    <subfield code="a">243 p.</subfield>
    <subfield code="c">22 cm.</subfield>
  </datafield>
  <datafield tag="505" ind1=" " ind2=" ">
    <subfield code="a">1. La historia y los retos del desarrollo latinoamericano - 2. Planificaci&#xF3;n y desarrollo con igualdad en Am&#xE9;rica Latina y el Caribe: tendencias del desarrollo y la desigualdad durante los &#xFA;ltimos 20 a&#xF1;os - 3. Notas sobre el desarrollo y globalizaci&#xF3;n en Am&#xE9;rica Latina - 4. La planificaci&#xF3;n en Europa: del abandono a un cierto resurgir, bajo nuevas formas - 5. Origen, evoluci&#xF3;n y situaci&#xF3;n actual de las pol&#xED;ticas territoriales en Am&#xE9;rica Latina en los siglos XX y XXI - 6. Reflexiones sobre la gesti&#xF3;n por resultados - 7. La articulaci&#xF3;n entre el plan y el presupuesto: un tema recurrente en el trabajo del ILPES en la regi&#xF3;n - 8. Gesti&#xF3;n p&#xFA;blica y desarrollo - 9. El avance de la prospectiva en Am&#xE9;rica Latina y el Caribe: factor esencial para un nuevo paradigma de planificaci&#xF3;n para el desarrollo en el siglo XXI - 10. El ILPES: reflexiones sobre su historia y perspectivas de futuro</subfield>
  </datafield>
  <datafield tag="942" ind1=" " ind2=" ">
    <subfield code="c">BK</subfield>
  </datafield>
  <datafield tag="590" ind1=" " ind2=" ">
    <subfield code="a">niveau_biblio:m niveau_hierar:0</subfield>
  </datafield>
  <datafield tag="100" ind1="1" ind2=" ">
    <subfield code="a">M&#xE1;ttar, Jorge</subfield>
  </datafield>
  <datafield tag="700" ind1="1" ind2=" ">
    <subfield code="a">Perrotti, Daniel E.</subfield>
  </datafield>
  <datafield tag="856" ind1="4" ind2="1">
    <subfield code="u">https://biblioeco.unsa.edu.ar/pmb/images/libros/Planificacion, prospectiva y gestion publica-l120000.jpg</subfield>
    <subfield code="y">Imagen de portada</subfield>
    <subfield code="q">image/jpeg</subfield>
  </datafield>
  <datafield tag="999" ind1=" " ind2=" ">
    <subfield code="c">1683</subfield>
    <subfield code="d">1683</subfield>
  </datafield>
  <datafield tag="952" ind1=" " ind2=" ">
    <subfield code="0">0</subfield>
    <subfield code="1">0</subfield>
    <subfield code="4">0</subfield>
    <subfield code="7">0</subfield>
    <subfield code="a">BCEJYS</subfield>
    <subfield code="b">BCEJYS</subfield>
    <subfield code="c">16</subfield>
    <subfield code="d">2026-04-07</subfield>
    <subfield code="l">0</subfield>
    <subfield code="o">338.26 M435</subfield>
    <subfield code="p">L120000</subfield>
    <subfield code="r">2026-04-07 15:55:54</subfield>
    <subfield code="w">2026-04-07</subfield>
    <subfield code="y">L</subfield>
  </datafield>
</record>
